| 000 | 00405 a2200133 4500 | ||
|---|---|---|---|
| 020 | _a071314517X | ||
| 050 |
_aRC607.A26 _bP73 1986 |
||
| 100 |
_aPratt, Robert J. _98740 |
||
| 245 |
_aAids : a strategy for nursing care / _cRobert J Pratt. |
||
| 260 |
_aLondon : _bE. Arnold, _c♭1986 |
||
| 300 |
_ax, 133 p. : _bill. : _c22 cm. |
||
| 504 | _aIncludes bibliographical reference and index. | ||
| 942 |
_2lcc _cBK _n0 |
||
| 999 |
_c4244 _d4244 |
||